MCU Heroes and Villains by Real Names Quiz - Statistics

General Stats
  • This quiz has been taken 430 times
  • The average score is 22 of 26
Answer Stats
Real Name Alias % Correct
Steve Rogers Captain America
100%
Tony Stark Iron Man
100%
Natalia Romanoff Black Widow
99%
Bruce Banner Hulk
99%
T'Challa Black Panther
98%
Clint Barton Hawkeye
98%
Peter Parker Spider-Man
98%
Scott Lang Ant-Man
97%
Peter Quill Star-Lord
97%
Bucky Barnes Winter Soldier
97%
Sam Wilson Falcon
96%
Wanda Maximoff Scarlet Witch
96%
Stephen Strange Doctor Strange
95%
Pietro Maximoff Quicksilver
95%
James Rhodes War Machine
95%
Hope Pym Wasp
95%
Ivan Vanko Whiplash
72%
Obadiah Stane Iron Monger
70%
Johann Schmidt Red Skull
67%
N'Jadaka Killmonger
63%
Darren Cross Yellowjacket
60%
Emil Blonskey Abomination
57%
Adrian Toomes Vulture
57%
Brock Rumlow Crossbones
55%
Aldrich Killian Mandarin
55%
Brunnhilde Valkyrie
41%
No matching quizzes found
Score Distribution
Percent of People with Each Score
Percentile by Number Answered
Your Score History
You have not taken this quiz